Provincies Belgie - Sudden Death - Noem de Belgische provincies - Statistieken

Algemene statistieken
  • Deze quiz is 85 keer genomen
    69 sinds de laatste reset
  • De gemiddelde score is 13 van 20
Answers on the Grid
Answers color-coded by a green-red scale on the quiz's grid according to % correct below.
Namen
Baarle-Hertog
Noord-Brabant
Antwerpen
Limburg
Leuven
Vlaanderen
Hasselt
Luxemburg
Brugge
Namen
Dinant
Waals Brabant
Gent
Baarle Nassau
Antwerpen
Vlaams-Brabant
West-Vlaanderen
Waver
Bergen
Oost-Vlaanderen
Luik
Aarlen
Aalst
Sas van Gent
Henegouwen
Wallonië
Luik
 
Antwoordstatistieken
Antwoord % Correct
Namen
95%
Limburg
83%
Oost-Vlaanderen
83%
Luxemburg
80%
Vlaams-Brabant
80%
West-Vlaanderen
78%
Waals Brabant
75%
Antwerpen
73%
Luik
73%
Henegouwen
68%
Antwerpen
65%
Namen
65%
Hasselt
58%
Luik
58%
Leuven
55%
Gent
53%
Brugge
50%
Waver
50%
Aarlen
48%
Bergen
48%
Geen overeenkomende quizzen gevonden
Scoreverdeling
Procent van Mensen met Elke Score
Percentiel versus Aantal Correcte Antwoorden
Uw Scoregeschiedenis
U heeft deze quiz nog niet genomen sinds de laatste reset